[Event "SWE-chT 1314"]
[Site "Sweden"]
[Date "2014.03.08"]
[Round "8.2"]
[White "Gdanski, Jacek"]
[Black "Barkhagen, Jonas"]
[Result "1/2-1/2"]
[WhiteElo "2518"]
[BlackElo "2434"]
[PlyCount "49"]
[EventDate "2013.11.22"]
[EventType "team-tourn"]
[EventRounds "9"]
[EventCountry "SWE"]
[SourceTitle "EXT 2015"]
[Source "ChessBase"]
[SourceDate "2014.11.20"]
[SourceVersion "1"]
[SourceVersionDate "2014.11.20"]
[SourceQuality "1"]
[WhiteTeam "Eksjo"]
[BlackTeam "Stockholm Rockaden"]
[WhiteTeamCountry "SWE"]
[BlackTeamCountry "SWE"]

1. e4 e6 2. d4 d5 3. Nd2 dxe4 4. Nxe4 Bd7 5. Nf3 Bc6 6. Bd3 Nd7 7. 0-0 Ngf6 8. Ng3 Be7 9. Qe2 Bxf3 10. Qxf3 c6 11. b3 Qa5 12. a3 0-0 13. Bb2 Rfd8 14. Rfe1 Bf8 15. h4 g6 16. c4 Bg7 17. b4 Qc7 18. h5 a5 19. Bc3 axb4 20. axb4 Rxa1 21. Rxa1 b5 22. cxb5 cxb5 23. Bxb5 Nd5 24. Bd2 Bxd4 25. Rc1 1/2-1/2